000 00764nam a2200217Ia 4500
008 130821s1996 ck gr spa
020 _a9580432449
040 _aCo-BoUCM
_bspa
041 0 0 _aspa
100 _aBerry, Leonard L.
_9154954
245 0 3 _aUn buen servicio ya no basta Cuatro principios del servicio excepcional al cliente
_cLeonard L. Berry ; traducción Adriana de Hassan
260 _aBogotá (Colombia)
_bNorma ; 1996
_c1996
300 _a333 páginas
504 _aIncluye índice
650 0 4 _aCalidad total
_910321
650 0 4 _aLiderazgo
_918533
650 0 4 _aServicio al cliente
_924256
765 _tOn Great Service : A Framework for Action
942 _cLIBRO
_a16
_e1
_mB37
_2DEWEY
_h658.812
999 _c20428
_d20428